| 000 | 00465nam a2200181Ia 4500 | ||
|---|---|---|---|
| 001 | 11019 | ||
| 005 | 20260306161915.0 | ||
| 008 | 260306t2003||||xx |||||||||||||| ||spa|| | ||
| 041 | _aESP | ||
| 082 |
_a985 _bY49 |
||
| 100 |
_aYepes del Castillo, Ernesto _eAUT |
||
| 245 | 0 |
_aMemoria y destino del Perú: _bJorge Basadre: textos esenciales |
|
| 260 | _c2003 | ||
| 300 |
_a586 páginas : _c20 cm. |
||
| 650 | _aGEN | ||
| 654 | _aCHU | ||
| 942 |
_cLIB _dJUS _fJUS _2ddc _n |
||
| 999 |
_c11019 _d11019 |
||